000 00720nam a2200193Ia 4500
999 _c38338
_d38338
001 4348
003 GE_BSU
005 20191003155117.0
008 181216s1981||||ge |||||||||||||| ||geo||
040 _cGE_BSU
041 _ageo
080 _a39(479.22) მ–36
245 _aმასალები საქართველოს ეთნოგრაფიისათვის :
_bტ. 21 /
_cრედ. ვ. ითონიშვილი.
264 _aთბილისი :
_bმეცნიერება,
_c1981.
300 _a182 გვ. ;
_b26 სმ.
653 _aეთნოგრაფია
700 _aითონიშვილი, ვ.
_eრედაქტორი
_93884
942 _cBK
_2udc